| 000 | 01194 a2200181 4500 | ||
|---|---|---|---|
| 020 | _a032432071X | ||
| 020 | _a9780324320718 | ||
| 090 |
_c3507 _d3507 |
||
| 100 | 1 | _aSanterre, Rexford E. | |
| 245 | 1 | 0 |
_aHealth economics : _btheories, insights, and industry studies / _cRexford E. Santerre. |
| 260 |
_a[S.l.] : _bThomson South-Western, _c2007. |
||
| 300 |
_a586 p. ; _c24 cm. |
||
| 500 | _aHardcover. | ||
| 520 | _aThis applied text shows how microeconomic theory can be used to understand the operation of health care markets, as well as to analyze problems and issues related to health care economics. Application cases illustrate issues concerning the consumption, production and distribution of health care services. The text is organized around the structure, conduct, performance and policy of institutions; and a non-technical regression analysis appendix assists students' understanding of of regression findings on empirical issues related to health care. | ||
| 856 | 4 | 0 |
_3Amazon.com _uhttp://www.amazon.com/exec/obidos/ASIN/032432071X/chopaconline-20 |
| 856 | 4 | 0 |
_3Amazon customer reviews _uhttp://www.chopac.org/cgi-bin/tools/azrev.pl?q=032432071X |
| 942 |
_aNBS _cBK _k338.433621 SAN |
||
| 999 |
_c345983 _d345983 |
||